书目信息 |
| 题名: |
古埃及史
|
|
| 作者: | 罗林森, 著 ;姜燕 译 | |
| 分册: | ||
| 出版信息: | 北京 中国画报出版社 2018 |
|
| 页数: | 404页 | |
| 开本: | 25cm | |
| 丛书名: | ||
| 单 册: | ||
| 中图分类: | K411.2 | |
| 科图分类: | ||
| 主题词: | 古代史--gu dai shi--埃及 | |
| 电子资源: | ||
| ISBN: | 978-7-5146-1592-0 | |
| 000 | 02101nam0 2200313 450 | |
| 001 | 012001006513 | |
| 005 | 20131101171349.0 | |
| 010 | @a978-7-5146-1592-0@b精装@dCNY88.00 | |
| 099 | @aCAL 012018106498 | |
| 100 | @a20180719d2018 em y0chiy50 ea | |
| 101 | 1 | @achi@ceng |
| 102 | @aCN@b110000 | |
| 105 | @aa z 000yy | |
| 106 | @ar | |
| 200 | 1 | @a古埃及史@Agu ai ji shi@d= History of ancient egypt@e环境基因、地缘争霸与文明兴衰@f(英)乔治·罗林森著@g姜燕译@zeng |
| 210 | @a北京@c中国画报出版社@d2018 | |
| 215 | @a404页@c图@d25cm | |
| 300 | @a中画史鉴 全景插图版 7 | |
| 314 | @a乔治·罗林森 (1812-1902),英国学者、翻译家、亚非古代史权威专家。出生于牛津郡的查德灵顿,1838年毕业于牛津大学。出版了一大批蜚声海内外的佳作:1858-1860年,希罗多德《历史》,1862-1867年《古代东方世界的五大王朝》等。 | |
| 314 | @a姜燕,甘肃人,资深翻译,兰州财经大学外语学院副教授。发表学术论文十余篇,出版译著《我弥留之际》等。 | |
| 330 | @a本书是亚非古代史专家乔治·罗林森的重要作品,是依托最新的考古发现写成的、思想非常深刻的巨著,开古埃及研究的先河。从公元前三千多年讲起,迄至公元前三世纪,上下数千年,宗教、战争、外交、法老制度、文明、经济……知无不言,言无不尽。那么,列入四大文明古国之一的古埃及,文明不可谓不昌盛,武功不可谓不强大,人民不可谓不勤奋,却为何最终退出历史的舞台,数千文明湮没在慢慢黄沙之下?乔治·罗林森撰写这部作品,主要是解决这个谜题的。最后,他提出了著名的“文明转移学说”。他指出“埃及自从与更进步的希腊思想、更人性化的希腊文明以及希腊种族有所接触,它就已经注定了灭亡的结局。因为它既不能彻底走上一条全新的道路,完全否定自己,又不能一成不变地继续存在下去,如此,一旦受到希腊影响的渗透,它就立刻土崩瓦解,走上衰老和死亡的道路。”该学说深深影响了英国后起的史学家汤因比、日本的内藤湖南等具有国际声誉的史学大师。 | |
| 510 | 1 | @aHistory of ancient egypt@zeng |
| 517 | 1 | @a环境基因、地缘争霸与文明兴衰@Ahuan jing ji yin、di yuan zheng ba yu wen ming xing shuai |
| 606 | 0 | @a古代史@Agu dai shi@y埃及 |
| 690 | @aK411.2@v5 | |
| 701 | 1 | @c(英)@a罗林森,@Aluo lin sen@f1812-1902@4著 |
| 702 | 0 | @a姜燕@Ajiang yan@4译 |
| 801 | 0 | @aCN@b上海新华@c20191020 |
| 905 | @b1131752-5@dK411.2@e10@f4 | |
| 古埃及史= History of ancient egypt:环境基因、地缘争霸与文明兴衰/(英)乔治·罗林森著/姜燕译.-北京:中国画报出版社,2018 |
| 404页:图;25cm |
| 中画史鉴 全景插图版 7 |
| ISBN 978-7-5146-1592-0(精装):CNY88.00 |
| 本书是亚非古代史专家乔治·罗林森的重要作品,是依托最新的考古发现写成的、思想非常深刻的巨著,开古埃及研究的先河。从公元前三千多年讲起,迄至公元前三世纪,上下数千年,宗教、战争、外交、法老制度、文明、经济……知无不言,言无不尽。那么,列入四大文明古国之一的古埃及,文明不可谓不昌盛,武功不可谓不强大,人民不可谓不勤奋,却为何最终退出历史的舞台,数千文明湮没在慢慢黄沙之下?乔治·罗林森撰写这部作品,主要是解决这个谜题的。最后,他提出了著名的“文明转移学说”。他指出“埃及自从与更进步的希腊思想、更人性化的希腊文明以及希腊种族有所接触,它就已经注定了灭亡的结局。因为它既不能彻底走上一条全新的道路,完全否定自己,又不能一成不变地继续存在下去,如此,一旦受到希腊影响的渗透,它就立刻土崩瓦解,走上衰老和死亡的道路。”该学说深深影响了英国后起的史学家汤因比、日本的内藤湖南等具有国际声誉的史学大师。 |
| ● |
| 相关链接 |
|
|
|
|
正题名:古埃及史
索取号:K411.2/10
 
预约/预借
| 序号 | 登录号 | 条形码 | 馆藏地/架位号 | 状态 | 备注 |
| 1 | 1131752 | 211317528 | 第二样本阅览室/ [索取号:K411.2/10] | 在馆 | |
| 2 | 1131753 | 211317537 | 第二借阅区/ [索取号:K411.2/10] | 在馆 | |
| 3 | 1131754 | 211317546 | 第二借阅区/ [索取号:K411.2/10] | 在馆 | |
| 4 | 1131755 | 211317555 | 第二借阅区/ [索取号:K411.2/10] | 在馆 |